Film français : L'Homme de Rio - Statistiques

Statistiques générales
  • Ce quiz a été pris 19 fois
  • Le résultat moyen est 10 sur 18
Statistiques - réponses
Questions Réponses % Correct
Acteur principal qui joue le rôle d'Adrien Dufourquet Jean-Paul Belmondo
100%
Année de sortie du film 1964
88%
Sœur de cette actrice Catherine Deneuve
82%
Personnage de bande dessinée à qui le réalisateur a voulu rendre hommage à travers ce film. Tintin
82%
Actrice qui tient le rôle d'Agnès Villermosa Françoise Dorléac
76%
Capitale construite ex nihilo en pleine jungle à l'époque du film. Plusieurs scènes du film (et plusieurs cascades) ont été tournées dans cette capitale au moment où elle était "ville-chantier". Brasilia
71%
Réalisateur du film Philippe de Broca
71%
Immense forêt dont le réalisateur a voulu dénoncer, dans la dernière scène sud-américaine du film, sa déforestation déjà bien entamée à l'époque. L'Amazonie
65%
Album de cette bande dessinée qu'évoque la scène du vol d'une statuette sud-américaine au Musée de l'Homme. L'Oreille cassée
65%
Nationalité de cet acteur. Belge
53%
Aventurier et professeur d'archéologie fictif du cinéma américain. Le film "L'homme de Rio" a inspiré son réalisateur et est même la connexion entre le personnage de bande dessinée évoqué à la question #8 et son réalisateur. Indiana Jones
53%
Architecte communiste de cette capitale qui est caricaturé dans le film sous les traits de l'acteur Adolfo Celi alias le senhor Mario De Castro. Oscar Niemeyer
47%
Film réalisé un an après L'Homme de Rio par le même réalisateur (réponse #5) avec le même acteur principal (réponse #1) faisant référence sur plusieurs scènes au même personnage de bande dessinée (réponse #8) bien qu'étant une libre adaptation d'un roman éponyme de Jules Verne. Les Tribulations d'un Chinois en Chine
41%
Nom du personnage du cireur de chaussures joué par Ubiracy De Oliveira, devenu ami de Dufourquet, prénom qui évoque un premier ministre britannique avec son titre de noblesse. Sir Winston
29%
Acteur incarnant le rôle du Professeur Norbert Catalan. Jean Servais
24%
Album de cette bande dessinée auquel il est fait référence dans cette scène du film où Adrien Dufourquet tente de remettre la capote de sa décapotable par temps de pluie. Les Sept Boules de cristal
24%
Compositeur de la bande originale du film. Georges Delerue
18%
Cascadeur qui réalisa le saut en parachute d'Adrien Dufourquet ainsi que plusieurs cascades automobiles avec l'acteur principal, cascadeur qui trouvera la mort quelques années plus tard sur le tournage de "Le saint prend l'affut". Gil Delamare
18%
Aucun quiz correspondant
Distribution des résultats
% des personnes avec chaque résultat
Percentile par nombre de réponses
Votre historique - résultats
Vous n’avez pas pris ce quiz